01639nam a2200349 a 4500001001200000003000800012006001900020007001500039008004100054010001700095020001500112040002100127035002000148050002400168082001600192110013300208245031400341260005500655300002400710490001900734490001600753504004100769533015200810650002500962650002500987650003801012655002901050710001701079830003801096830002901134856012601163ebr10068315CaPaEBRm u cr cn|||||||||970710s1997 dcua sb 000 0 eng  z 97170982  z030905687X aCaPaEBRcCaPaEBR a(OCoLC)4107933614aTE278b.N392 1997eb04a625.8/42212 aNational Research Council (U.S.).bCommittee on Nonconventional Concrete Technologies for Renewal of the Highway Infrastructure.10aNonconventional concrete technologiesh[electronic resource] :brenewal of the highway infrastructure /cCommittee on Nonconventional Concrete Technologies for Renewal of the Highway Infrastructure, National Materials Advisory Board, Commission on Engineering and Technical Systems, National Research Council. aWashington, D.C. :bNational Academy Press,c1997. axiv, 110 p. :bill.1 aCompass series1 aNMAB ;v484 aIncludes bibliographical references. aElectronic reproduction.bPalo Alto, Calif. :cebrary,d2013.nAvailable via World Wide Web.nAccess may be limited to ebrary affiliated libraries. 0aPavements, Concrete. 0aConcretexAdditives. 0aReinforced concrete construction. 7aElectronic books.2local2 aebrary, Inc. 0aCompass series (Washington, D.C.) 0aPublication NMAB ;v484.40uhttp://site.ebrary.com/lib/rucke/Doc?id=10068315zAn electronic book accessible through the World Wide Web; click to view